Tirolská snehová rozprávka

Podrobná bibliografia
Hlavný autor: Stuppacherová, Bianka (Autor)
Médium: Článok
Jazyk:slovenčina
Fyzický popis:Fotogr. 5
Predmet:

MARC

LEADER 00000nab a2200000 a 4500
001 vtls000567858
003 SK-MaSNL
005 20260304121158.0
008 120929c1995 xo 0 slo
015 |a SNBRB19rr/mm-uuuuu 
035 |a CL0567996 
040 |a SNKBUCL  |b slo  |c SNKBUCL  |e AACR2 
041 0 |a slo 
044 |a xo  |c SK 
080 |a 908.436T  |2 1981 
080 |a 908(234.322.2)  |2 1981 
100 1 |a Stuppacherová, Bianka  |4 aut  |9 843926 
245 1 0 |a Tirolská snehová rozprávka  |c Bianka Stuppacherová 
300 |b Fotogr. 5 
651 7 |a Tirolsko (Rakúsko)  |2 SNKPHgeo  |9 19937 
651 7 |a Rakúsko  |2 SNKPHgeo  |9 18533 
655 7 |a články z novín a časopisov  |2 snkbucl  |9 267496 
773 0 |t Nedeľná Pravda  |g Roč. 4, č. 52 (1995), s. 42-43 
850 |a Slovenská národná knižnica v Martine  |a MTA001 
852 |a SNK  |b KIS3GCP 
958 |a RK 
992 |a RBX 
999 |c 2883719  |d 2885649